| 000 | 00774nab a2200193 4500 | ||
|---|---|---|---|
| 999 |
_c372263 _d372263 |
||
| 001 | 90031 | ||
| 003 | OSt | ||
| 005 | 20230303120853.0 | ||
| 007 | tu | ||
| 008 | 110905s2000||||||| | ||
| 040 |
_aDE-2950 _cDE-2950 |
||
| 245 | 0 | 0 |
_aWie es mit der Hilfe für Flüchtlinge weitergeht. _bIntegration. Als vor einem Jahr der Krieg in der Ukraine begann, wollte auch die Lebenshilfe in Frankfurt etwas tun. Mit einem Projekt hat der Verein weit mehr als 100 Menschen unterstützt, nun läuft es aus. Doch die Mitarbeiter haben neue Ideen / _cLisa Mahlke |
| 264 | _c2023 | ||
| 653 | _aFrankfurt (Oder) | ||
| 653 | _aSoziale Arbeit | ||
| 653 | _aVerein Lebenshilfe | ||
| 773 | 0 |
_g34. Jahrgang (2023) Nr. 48, 25./26.02.2023, Seite 19: mit Foto _tMärkische Oderzeitung |
|
| 942 |
_2z _cA |
||